000 00514nam a2200181Ia 4500
005 20250508153241.0
008 008 250505s9999 xx 000 0 eng d
037 _aTextual
040 _aFEDL
_beng
_cFEDL
041 _aeng
_2eng
084 _a371.422, COT
_qFEDL
100 _aCottle Wm C
_9763524
245 0 _aProcedures and preparation for counseling
260 _aEnglewood Cliffs
_b Prentice-Hall
_c1960
300 _a330p.
942 _cTEXL
_h371.422, COT
999 _c1341518
_d1341518